000
00195nam a2200085 4500
001
1255921
005
20251216141136.0
245
_a
AYASOFYADA BİR GECE
_c
RANA DEMİRİZ
260
_b
TİMAŞ YAYINLARI
999
_c
1255921
_d
1255921